| 000 | 00337pab a2200121 454500 | ||
|---|---|---|---|
| 008 | 180718b2001 xxu||||| |||| 00| 0 eng d | ||
| 100 | _aCai, Shuming et al. | ||
| 245 | _aManagement of flood disasters in the Jianghan plain, China | ||
| 260 | _c2001 | ||
| 300 | _ap.339-48 | ||
| 773 | _aDisaster Prevention and Management | ||
| 909 | _a51667 | ||
| 999 |
_c51667 _d51667 |
||